000 00559nam a2200181Ia 4500
003 GCL
008 140319s9999 xx 000 0 ara d
040 _aGCL /
_cGCL
082 0 4 _a813.0872
_bع ع
100 1 _aعبدالله الاحمد
245 1 0 _aعندما يتوهج الحلم /
_cعبدالله الاحمد
260 _aسوريا :
_bدار الحقيقة للطباعة والنشر ،
_c1978
300 _a147 ص ؛
_c25 سم
490 _a
650 0 4 _aالادب العربى
650 0 4 _aالقصة العربية
942 _2ddc
_cBK
999 _c52897
_d52897